Дело о переводе воспитанника Виленского медицинского института В. Порембского на военную строевую службу

Доступно только в Электронных читальных залах Найти на картеНа карте
RUSMARC
00004202nmc2a2200000 x 450
001a60c57be-0bf1-48fc-86fa-fddbf009489a
00520151215085603.0
100##$a20150819l18151815k l0rusy0189 ca
1010#$arus
102##$aRU
2001#$aДело о переводе воспитанника Виленского медицинского института В. Порембского на военную строевую службу
$j25 июня - 22 декабря 1815 г.
251##$cДело
300##$aДело
300##$aОриг. заголовок дела: Дело по отношению Медицинского департамента Военного министерства с препровождением просьбы воспитанника Виленского медицинского института Василия Порембского об определении его в военную строевую службу. 25 июня 1815 г. - 22 декабря 1815 г
801#0$aRU
$bРГИА
$c20150819
$gRCR
801#1$aRU
$bГлавНИВЦ
$c20150819
$2rusmarc
801#2$aRU
$bПБ им. Б.Н. Ельцина
$c20151215
$gRCR
$2rusmarc
850##$aРГИА
852##$aРГИА
$eФедеральное казенное учреждение "Российский государственный исторический архив" (РГИА)
$j54
937##$hРГИА
$d12085785
$aASBIBLIO_SCAN
462#0$100110dcdccd-ec79-4ee8-a204-b9d031b41c04
$12001
$aМедицинские дела Департамента народного просвещения
$1251
$cОпись
$1852
$j99
461#0$1001a74412a3-3cc5-4d21-8f0a-dfe2fbd9e72d
$12001
$aДепартамент народного просвещения Министерства народного просвещения
$1251
$cФонд
$1852
$j733
215##$a10 л.
$d36,5x26 см
371##$aДокумент не является опубликованным и широко распространяемым
105##$aу###
1222#$ad
5171#$aДело по отношению Медицинского департамента Военного министерства с препровождением просьбы воспитанника Виленского медицинского института Василия Порембского об определении его в военную строевую службу. 25 июня 1815 г. - 22 декабря 1815 г
035##$aa60c57be-0bf1-48fc-86fa-fddbf009489a
Формат отображения